Get the Picture: Ghostbusters Quotes Quiz Stats

 Plays Quiz Updated Jun 7, 2019

Score 0/15 Timer 02:30
3 Plays Today
Question Answer Wrong Answers
I collect spores, molds, and fungus. Egon Spengler
83.8%
Peter Venkman
8.3%
Ray Stantz
6.7%
Winston Zeddemore
1.1%
I tried to think of the most harmless thing. Something I loved from my childhood. Something that could never ever possibly destroy us. Mr. Stay Puft! Ray Stantz
83.2%
Peter Venkman
9.6%
Egon Spengler
4.2%
Winston Zeddemore
0.7%
Try to imagine all life as you know it stopping instantaneously and every molecule in your body exploding at the speed of light. Egon Spengler
80.6%
Peter Venkman
4.9%
Ray Stantz
7.6%
Winston Zeddemore
2.4%
If there's a steady paycheck in it, I'll believe anything you say. Winston Zeddemore
78.9%
Peter Venkman
9.5%
Egon Spengler
1.6%
Ray Stantz
8.9%
He slimed me. Peter Venkman
74.1%
Egon Spengler
1.2%
Ray Stantz
21.2%
Winston Zeddemore
3.2%
No, we're exterminators. Someone saw a cockroach up on twelve. Peter Venkman
72.1%
Egon Spengler
2.4%
Ray Stantz
3.6%
Winston Zeddemore
15.9%
I make it a rule never to get involved with possessed people... Actually, it's more of a guideline than a rule. Peter Venkman
70.4%
Egon Spengler
2.2%
Ray Stantz
5.9%
Winston Zeddemore
14.9%
I love this plan! I'm excited to be a part of it! LET'S DO IT! Peter Venkman
68.2%
Egon Spengler
9.5%
Ray Stantz
7.5%
Winston Zeddemore
11.3%
Let's say this Twinkie represents the normal amount of psychokinetic energy in the New York area. According to this morning's sample, it would be a Twinkie... 35 feet long and weighing approximately 600 pounds. Egon Spengler
63.9%
Peter Venkman
7.3%
Ray Stantz
18.8%
Winston Zeddemore
2.7%
You have been a participant in the biggest interdimensional cross rip since the Tunguska blast of 1909! Ray Stantz
62.8%
Peter Venkman
10%
Egon Spengler
13.6%
Winston Zeddemore
5.8%
Symmetrical book stacking. Just like the Philadelphia mass turbulence of 1947. Ray Stantz
61.6%
Peter Venkman
8.9%
Egon Spengler
19%
Winston Zeddemore
5.6%
I'm terrified beyond the capacity for rational thought. Egon Spengler
57.1%
Peter Venkman
4.8%
Ray Stantz
11.1%
Winston Zeddemore
20.6%
Has it ever occurred to you that maybe the reason we've been so busy lately is because the dead have been rising from the grave? Winston Zeddemore
52.5%
Peter Venkman
24.5%
Egon Spengler
8.2%
Ray Stantz
6.6%
As a duly designated representative of the City, County and State of New York, I order you to cease any and all supernatural activity and return forthwith to your place of origin or to the nearest convenient parallel dimension. Ray Stantz
40.5%
Peter Venkman
31.2%
Egon Spengler
14.1%
Winston Zeddemore
8.3%
When someone asks you if you're a god, you say, 'YES!' Winston Zeddemore
35.6%
Peter Venkman
40.4%
Egon Spengler
5.5%
Ray Stantz
11.8%

Today's Daily Dose

Missing Word
Celine Dion

Word Ladder
Dr. Seuss Books

Quick Pick
Cities in India

Get the Picture
'A' Actresses

You're not logged in!

Compare scores with friends on all Sporcle quizzes.
OR
Log In

Sporcle TV

Today on Sporcle TV


Watch our educational content, quiz creation guides, and fun videos on Sporcle TV.

Show Comments

Extras

Top Quizzes Today


Score Distribution

Your Account Isn't Verified!

In order to create a playlist on Sporcle, you need to verify the email address you used during registration. Go to your Sporcle Settings to finish the process.

Report this User

Report this user for behavior that violates our Community Guidelines.

Details: